000 00185 a2200097 4500
001 9662
100 _aFirsoff
245 _aThe Moon
260 _a
_bHutchinson
_c
090 _c7696
_d7696
942 _aNUST-CAE
_cM
_c34373
999 _c244735
_d244735